Missing Word: Daily Show Alums Quiz Stats

 Plays Quiz Updated Aug 25, 2015

Challenge
Share
Tweet
Embed
Score 0/20 Timer 03:00
0 Plays Today
Hint Answer % Correct
Olivia MunnMan
99.1%
Rob RiggleJump
98.5%
Rob RiggleDumber
98%
Rob CorddryTub
93.3%
Aasif MandviThis
93.2%
Rob CorddryGlory
92.4%
Olivia MunnDoes
91.8%
Rob CorddryVegas
91.8%
Aasif MandviMillion
89.8%
Olivia MunnNight
88.4%
Hint Answer % Correct
Olivia MunnDeliver
87.4%
Rob RiggleHotel
74.1%
Aasif MandviKind
74%
Aasif MandviMusic
68.1%
Olivia MunnMike
65.4%
Rob RiggleBrothers
60.2%
Rob CorddryPain
56.6%
Rob CorddryWarm
54.5%
Rob RiggleGuys
44.1%
Aasif MandviCall
28.4%

Today's Daily Dose

Missing Word
Biopics

Word Ladder
Food Idioms

Quick Pick
Diets

On This Day
December 18th II

You're not logged in!

Compare scores with friends on all Sporcle quizzes.
OR
Log In

You Might Also Like...

Show Comments

Extras

Top Quizzes Today


Score Distribution

Your Account Isn't Verified!

In order to create a playlist on Sporcle, you need to verify the email address you used during registration. Go to your Sporcle Settings to finish the process.

Report this User

Report this user for behavior that violates our Community Guidelines.

Details: